Former Flags of South European Countries/Territories - Statistics

General Stats
  • This quiz has been taken 43 times
  • The average score is 9 of 13
Answer Stats
Picture Answer % Correct
Kingdom of Italy (Fascist Italy)
95%
Roman Empire
95%
Spanish Empire
95%
Portuguese Empire
89%
Crown of Aragon
79%
Most Serene Republic of Venice (Venezia)
79%
Crown of Castile
63%
Papal States
63%
Kingdom of Sardinia
58%
Kingdom of Sicily
58%
Kingdom of Navarre
53%
Grand Duchy of Tuscany
37%
Kingdom of Two Sicilies
37%
No matching quizzes found
Score Distribution
Percent of People with Each Score
Percentile by Number Answered
Your Score History
You have not taken this quiz